000 01034nam a2200277 a 4500
001 000002992
003 DO-SdBPM
005 20241217091440.0
007 ta
008 090706s2004 dr b 001 0 spa d
020 _a9993479179
040 _aDO-SdBPMS
_bspa
_cBPMSU
082 4 _a342.729303
_bP965r 2004
_222
245 0 0 _aPropuestas de reforma política /
_ceditor Tirso Mejia Ricart.
260 _aSanto Domingo :
_bCONARE,
_c2004.
300 _a296 p. :
_bil., mapas ;
_c22 cm.
500 _aIncluye referencias bibliográficas y notas al pie de páginas.
590 _aInventariado, 2024/ VM
650 4 _aReforma del Estado
_zRepública Dominicana
651 4 _aRepública Dominicana
_xDerecho constitucional
651 4 _aRepública Dominicana
_xReformas constitucionales
_vLegislación
700 1 _a Mejía-Ricart G., Tirso,
_d1936-2021
_q(Mejía-Ricart Guzmán)
_eeditor
710 2 _aConsejo Nacional de la Reforma del Estado (República Dominicana)
910 _aVMateo V. Control de calidad BPMSU
942 _2ddc
_cBK
999 _c14868
_d14868